000 00614nam a22002177a 4500
001 BD-DhSAU 5949
003 BD-DhSAU
005 20150430110325.0
008 150430b1938 -uka|||| |||| 001 0 eng d
040 _aBD-DhSAU
082 _222
_a664.1
_bMAS
100 _aMartineau, George
245 _aSugar :
_bPitmans common commodities and industries /
_cGeorge Martineau and F. C. Eastick
250 _a7th ed.
260 _aLondon :
_bSir isaac pitman & sons ,
_cc1938.
300 _axi, 163 p.:
_bill. ;
_c19 cm.
504 _aIncludes index
590 _aIMRAN
650 _aSugar
700 _a Eastick, F. C.
942 _2ddc
_cBOOK
999 _c5949
_d5949